000 00674nam a2200229 a 4500
005 20240316063847.0
008 190212s2015 mx r 000 0 spa d
020 _a9788490564073
035 _aUPN01000229044
049 _aCG
050 4 _aLB1073
_bS2.7 2015
100 1 _aSalmurri Trinxet, Ferrán
_942646
245 1 0 _aRazón y emoción :
_brecursos para aprender y enseñar a pensar /
_cFerran Salmurri Trinxet ; pról. de Luis López-Mena.
250 _a3a ed.
260 _aBarcelona, Esp. :
_bRBA,
_c2015.
300 _a175 p.
440 0 _aLibros
650 4 _aEducación emocional
_911882
650 4 _aEmociones
_939
905 _aLibro
999 _c201139
_d201139